000
00207 a2200097 4500
001
1388
100
_a
Murphy,G
245
_a
Advanced mechanics of materials
260
_a
_b
Mcgrawhill
_c
090
_c
936
_d
936
942
_a
NUST-CAE
_c
M
_c
36222
999
_c
236461
_d
236461